Demographics of Brisbane 2021 - Language spoken at home by region - Statistics

General Stats
  • This quiz has been taken 37 times
  • The average score is 13 of 17
Answer Stats
Answer % Correct
Arabic
97%
Mandarin
94%
Hindi
91%
Spanish
91%
Korean
85%
Portuguese
85%
Filipino
82%
Tagalog
82%
German
79%
Italian
79%
Vietnamese
79%
Punjabi
73%
Cantonese
70%
Persian
48%
Afrikaans
42%
Samoan
39%
Nepali
36%
No matching quizzes found
Score Distribution
Percent of People with Each Score
Percentile by Number Answered
Your Score History
You have not taken this quiz